000 00737nam0a22002411 4500
001 v19\rc\2012429
005 20250620002248.0
035 _a(NLR Aleph) 005094036
090 _a7326781
_c7326781
100 _a20080925d1902 |||y0rusy50 ca
101 1 _arus
_cfre
102 _aRU
105 _ay z |||||
200 1 _aБронзовый конь
_eВолшебная опера в 3 д.
_e[Либретто]
_fМузыка Е. Обера
210 _a[Одесса]
_cИ.Т. Логинов
_dценз. 1902
215 _a[4] с.
_d25
309 _aБез тит. л. и обл.
702 1 _aОбер
_bЕ.
_4230
801 0 _aRU
_bNLR
_gpsbo
801 1 _aRU
_bProSoft-M
_2rusmarc
852 _aNLR
_j34.52.3.333
942 _cBOOK
980 _aNB